中国每个纬度人口最多的5个城市(城市点位地图版) - Statistics

General Stats
  • This quiz has been taken 42 times
  • The average score is 126 of 157
Answers on the Map
Answers color-coded by a green-red scale on the quiz's map according to % correct below.
 
Answer Stats
纬度 省级行政区 人口 城市 % Correct
16°N 海南省 2433 三沙市
96%
20°N 海南省 2873358 海口市
96%
22°N 广东省 2539148 茂名市
96%
23°N 广东省 17338162 深圳市
96%
23°N 广东省 9498863 佛山市
96%
18°N 海南省 1031396 三亚市
93%
21°N 广东省 1931455 湛江市
93%
21°N 广西壮族自治区 989034 北海市
93%
23°N 广东省 18676605 广州市
93%
23°N 广东省 10466625 东莞市
93%
23°N 广西壮族自治区 5977185 南宁市
93%
24°N 福建省 5163970 厦门市
93%
24°N 台湾省 3033840 台中市
93%
24°N 广西壮族自治区 2519051 柳州市
93%
25°N 云南省 5950578 昆明市
93%
25°N 台湾省 2594581 台北市
93%
26°N 福建省 4094491 福州市
93%
50°N 内蒙古自治区 150508 满洲里市
93%
53°N 黑龙江省 54036 漠河市
93%
19°N 海南省 444458 东方市
89%
22°N 广东省 2439585 珠海市
89%
22°N 广西壮族自治区 1400134 钦州市
89%
25°N 台湾省 4365947 新北市
89%
27°N 贵州省 4506134 贵阳市
89%
28°N 湖南省 5980707 长沙市
89%
28°N 贵州省 2360549 遵义市
89%
30°N 直辖市 25379469 重庆市
89%
30°N 浙江省 2958643 绍兴市
89%
31°N 直辖市 24870895 上海市
89%
31°N 四川省 15419445 成都市
89%
31°N 湖北省 12447718 武汉市
89%
31°N 江苏省 4396835 无锡市
89%
32°N 江苏省 9314685 南京市
89%
32°N 安徽省 5118199 合肥市
89%
34°N 江苏省 3589215 徐州市
89%
35°N 河南省 6650120 郑州市
89%
35°N 山东省 3648324 临沂市
89%
36°N 山东省 7172451 青岛市
89%
36°N 甘肃省 3186658 兰州市
89%
37°N 山东省 8352574 济南市
89%
38°N 河北省 5758403 石家庄市
89%
38°N 宁夏回族自治区 1901793 银川市
89%
39°N 直辖市 13866009 天津市
89%
39°N 辽宁省 5736383 大连市
89%
40°N 直辖市 21893095 北京市
89%
41°N 内蒙古自治区 2545608 呼和浩特市
89%
41°N 辽宁省 1543696 鞍山市
89%
41°N 河北省 1487238 张家口市
89%
42°N 辽宁省 7885142 沈阳市
89%
46°N 黑龙江省 6976136 哈尔滨市
89%
47°N 黑龙江省 1754655 大庆市
89%
19°N 海南省 528238 琼海市
85%
19°N 海南省 112269 五指山市
85%
20°N 海南省 560894 文昌市
85%
24°N 广东省 1863587 揭阳市
85%
24°N 广东省 1750945 潮州市
85%
25°N 台湾省 2441064 桃园市
85%
25°N 福建省 2305646 莆田市
85%
26°N 江西省 2588060 赣州市
85%
27°N 湖南省 1361085 衡阳市
85%
28°N 浙江省 3004246 温州市
85%
29°N 江西省 3929660 南昌市
85%
29°N 浙江省 2162461 台州市
85%
29°N 浙江省 1859390 义乌市
85%
30°N 浙江省 10711238 杭州市
85%
30°N 浙江省 5057140 宁波市
85%
30°N 浙江省 1829488 慈溪市
85%
31°N 江苏省 6715559 苏州市
85%
32°N 江苏省 4493029 常州市
85%
32°N 江苏省 3766534 南通市
85%
32°N 江苏省 2635435 扬州市
85%
33°N 江苏省 2379194 盐城市
85%
33°N 河南省 2060026 南阳市
85%
33°N 湖北省 1428629 十堰市
85%
34°N 陕西省 11133823 西安市
85%
34°N 江苏省 2829864 淮安市
85%
34°N 陕西省 1862118 宝鸡市
85%
35°N 河南省 3443805 洛阳市
85%
35°N 山东省 2230000 菏泽市
85%
36°N 山东省 1883943 泰安市
85%
37°N 河北省 3724728 邯郸市
85%
37°N 山东省 3386471 淄博市
85%
37°N 山东省 3191299 烟台市
85%
38°N 山西省 4529141 太原市
85%
38°N 山东省 1728259 威海市
85%
38°N 陕西省 1251557 榆林市
85%
39°N 河北省 3154062 保定市
85%
40°N 河北省 3687607 唐山市
85%
40°N 山西省 2030203 大同市
85%
40°N 河北省 1881047 秦皇岛市
85%
40°N 河北省 1147591 廊坊市
85%
44°N 新疆维吾尔自治区 3980779 乌鲁木齐市
85%
44°N 吉林省 1895865 吉林市
85%
45°N 黑龙江省 930015 牡丹江市
85%
47°N 黑龙江省 1406987 齐齐哈尔市
85%
47°N 黑龙江省 862555 佳木斯市
85%
48°N 新疆维吾尔自治区 221454 阿勒泰市
85%
50°N 黑龙江省 223832 黑河市
85%
20°N 海南省 954259 儋州市
81%
28°N 湖南省 1734201 株洲市
81%
29°N 四川省 2158312 宜宾市
81%
34°N 河南省 1859723 商丘市
81%
36°N 山东省 2006546 聊城市
81%
37°N 山东省 2511721 潍坊市
81%
41°N 内蒙古自治区 2283770 包头市
81%
44°N 内蒙古自治区 921808 通辽市
81%
27°N 贵州省 1420656 六盘水市
78%
27°N 贵州省 1305066 毕节市
78%
28°N 江西省 2068763 上饶市
78%
29°N 四川省 1596119 泸州市
78%
33°N 安徽省 1561636 淮南市
78%
35°N 山东省 2280953 枣庄市
78%
41°N 辽宁省 1166481 盘锦市
78%
42°N 内蒙古自治区 1460381 赤峰市
78%
44°N 吉林省 5539649 长春市
78%
45°N 吉林省 713430 松原市
78%
46°N 新疆维吾尔自治区 490348 克拉玛依市
78%
46°N 黑龙江省 490028 七台河市
78%
46°N 吉林省 474276 白城市
78%
49°N 内蒙古自治区 449436 呼伦贝尔市
78%
50°N 内蒙古自治区 68482 额尔古纳市
78%
51°N 内蒙古自治区 71437 根河市
78%
19°N 海南省 545992 万宁市
74%
36°N 山西省 1687952 长治市
74%
42°N 辽宁省 1322098 抚顺市
74%
42°N 辽宁省 767888 阜新市
74%
43°N 吉林省 686136 延吉市
74%
43°N 吉林省 627957 四平市
74%
43°N 新疆维吾尔自治区 569388 哈密市
74%
43°N 吉林省 463416 辽源市
74%
47°N 黑龙江省 698025 绥化市
74%
47°N 黑龙江省 545404 鹤岗市
74%
21°N 广东省 1321091 雷州市
70%
26°N 贵州省 1217501 安顺市
70%
33°N 安徽省 2128538 阜阳市
70%
45°N 黑龙江省 683232 鸡西市
70%
48°N 黑龙江省 360347 伊春市
70%
42°N 新疆维吾尔自治区 779352 库尔勒市
67%
49°N 内蒙古自治区 256396 牙克石市
67%
44°N 吉林省 862313 公主岭市
63%
49°N 黑龙江省 243283 五大连池市
63%
49°N 黑龙江省 355528 嫩江市
59%
45°N 吉林省 836098 榆树市
56%
45°N 黑龙江省 724705 五常市
56%
22°N 广东省 1328657 高州市
52%
39°N 河北省 1095986 定州市
52%
48°N 黑龙江省 436906 讷河市
52%
48°N 内蒙古自治区 318933 扎兰屯市
52%
26°N 福建省 1390487 福清市
44%
26°N 云南省 1189813 宣威市
44%
21°N 广东省 907354 吴川市
41%
43°N 吉林省 509336 梅河口市
41%
46°N 黑龙江省 666532 肇东市
41%
48°N 黑龙江省 308237 北安市
41%
39°N 河北省 816401 任丘市
37%
22°N 广东省 1363470 廉江市
33%
27°N 湖南省 1038416 邵东市
30%
No matching quizzes found
Score Distribution
Percent of People with Each Score
Percentile by Number Answered
Your Score History
You have not taken this quiz